00493 a2200181 450000100060000002000220000604000240002810000220005224000280007424500230010230000060012536200090013144000120014065000310015294200070018395201040019099900170029446171 a978-85-08-15359-6 cAnchieta - Aquarius aIacocca, Michelle10aCéu na calçadalpor10aCéu na calçada a 0 a2011 1aÁtica 4aLiteratura infanto-juvenil cBK 00104070a87.1b87.1d2023-11-21l0o028.5 IAC CEUp3679/AQUr2023-11-21 15:12:32w2023-11-21yBK c46171d46171